Vybrané socio-ekonomické otázky bývania v Slovenskej republike
Salvato in:
| Autore principale: | |
|---|---|
| Ente Autore: | |
| Altri autori: | , , , |
| Natura: | Libro |
| Lingua: | slovacco |
| Pubblicazione: |
Bratislava
Vydavateľstvo EKONÓM
2022
|
| Edizione: | 1. vydanie |
| Soggetti: | |
| Tags: |
Nessun Tag, puoi essere il primo ad aggiungerne!!
|
MARC
| LEADER | 00000nlm a2200000 4500 | ||
|---|---|---|---|
| 001 | 0286657 | ||
| 005 | 20240502074417.3 | ||
| 020 | |a 978-80-225-4948-6 | ||
| 041 | 0 | |a slo | |
| 044 | |a SK | ||
| 245 | 1 | 0 | |a Vybrané socio-ekonomické otázky bývania v Slovenskej republike |c Peter Sika, Jarmila Vidová, Jakub Girašek ; recenzovali: Eva Rievajová, Vieroslava Holková |
| 250 | |a 1. vydanie | ||
| 264 | 1 | |a Bratislava |b Vydavateľstvo EKONÓM |c 2022 | |
| 300 | |a CD-ROM 127 s. [9,95 AH] | ||
| 610 | 2 | 0 | |a javy sociálne |
| 610 | 2 | 0 | |a javy ekonomické |
| 610 | 2 | 0 | |a bývanie |
| 610 | 2 | 0 | |a politika bytová |
| 610 | 2 | 0 | |a domácnosti |
| 610 | 2 | 0 | |a úroveň životná |
| 610 | 2 | 0 | |a starnutie populácie |
| 610 | 2 | 0 | |a seniori |
| 610 | 2 | 0 | |a podnik sociálny |
| 610 | 2 | 0 | |a Rómovia |
| 610 | 2 | 0 | |a Slovensko |
| 100 | 1 | |a Sika, Peter, 1975- | |
| 700 | 1 | |a Vidová, Jarmila, 1967- | |
| 700 | 1 | |a Girašek, Jakub, 1996- | |
| 700 | 1 | |a Rievajová, Eva | |
| 700 | 1 | |a Holková, Vieroslava | |
| 710 | 2 | |a Ekonomická univerzita v Bratislave. Národohospodárska fakulta | |